Statistics for NBA Most Improved Player Award

Click here to take the quiz!

General Stats

  • This quiz has been taken 25 times
  • The average score is 12 of 33

Answer Stats

YearTeamWinner% Correct
2022-23Utah JazzLauri Markkanen
96%
2021-22Memphis GrizzliesJa Morant
91%
2020-21New York KnicksJulius Randle
91%
2019-20New Orleans PelicansBrandon Ingram
83%
2016-17Milwaukee BucksGiannis Antetokounmpo
83%
2018-19Toronto RaptorsPascal Siakam
78%
2015-16Portland Trail BlazersCJ McCollum
70%
2012-13Indiana PacersPaul George
70%
2014-15Chicago BullsJimmy Butler
65%
2017-18Indiana PacersVictor Oladipo
61%
2013-14Phoenix SunsGoran Dragic
39%
2010-11Minnesota TimberwolvesKevin Love
39%
2006-07Golden State WarriorsMonta Ellis
39%
1999-00Indiana PacersJalen Rose
35%
2001-02Indiana PacersJermaine O'Neal
35%
2000-01Orlando MagicTracy McGrady
35%
2008-09Indiana PacersDanny Granger
30%
2007-08Orlando MagicHedo Turkoglu
30%
2011-12Orlando MagicRyan Anderson
22%
2009-10Houston RocketsAaron Brooks
13%
2005-06Phoenix SunsBoris Diaw
13%
2003-04Portland Trail BlazersZach Randolph
13%
1997-98Atlanta HawksAlan Henderson
4%
2004-05Los Angeles ClippersBobby Simmons
4%
1992-93Denver NuggetsChris Jackson
4%
1994-95Philadelphia 76ersDana Barros
4%
1998-99Orlando MagicDarrell Armstrong
4%
1993-94Washington BulletsDon MacLean
4%
1995-96Washington BulletsGheorghe Muresan
4%
2002-03Golden State WarriorsGilbert Arenas
4%
1996-97Miami HeatIsaac Austin
4%
1991-92Washington BulletsPervis Ellison
4%
1990-91Orlando MagicScott Skiles
4%

Score Distribution

Percentile by Number Answered

Percent of People with Each Score

Your Score History

You have not taken this quiz